Logo BPK

Bibliografia Prac Pracowników

Politechniki Koszalińskiej

Nanotechnologia w motoryzacji - prezentacja wybranych zagadnień / (Rekord nr 3297)

Szczegóły MARC
000 -ETYKIETA REKORDU
podpole kontrolne o stałej długości 01431naa a2200241 i 4500
001 - NUMER KONTROLNY REKORDU
podpole kontrolne 3297
003 - IDENTYFIKATOR NUMERU KONTROLNEGO REKORDU
podpole kontrolne KOSZ 005
005 - DATA OSTATNIEJ MODYFIKACJI REKORDU
podpole kontrolne 20180214113725.0
008 - POLE O STAŁEJ DŁUGOŚCI - DANE KONTROLNE
podpole kontrolne o stałej długości 150311s2002 pl f |100 0 pol
040 ## - ŹRÓDŁO KATALOGOWANIA
Instytucja, która utworzyła rekord BPK
Instytucja, która dokonała modyfikacji KOSZ 005/EG
080 ## - UNIWERSALNA KLASYFIKACJA DZIESIĘTNA - UKD
UKD 620.3
100 1# - NAZWA OSOBOWA
Nazwa osobowa KRZYŻYŃSKI, Tomasz.
Lata pracy 1997 - .
Instytucja Politechnika Koszalińska - Wydział Mechaniczny,
Wydział Katedra Mechaniki Precyzyjnej - Zakład Mechatroniki
245 10 - TYTUŁ/ODPOWIEDZIALNOŚĆ
Tytuł Nanotechnologia w motoryzacji - prezentacja wybranych zagadnień /
Pozostałe elementy strefy tytułu i oznaczenia odpowiedzialności Tomasz Krzyżyński, Dariusz Ścigała.
246 31 - WARIANT TYTUŁU
Tytuł Nanotechnology in motorization - presentation of selected issues
500 ## - UWAGI OGÓLNE
Tekst uwagi Dane z autopsji.
520 ## - UWAGA DOTYCZĄCA TREŚCI DOKUMENTU
Analiza dokumentacyjna, adnotacja itp. W pracy zawarto krótki opis różnych zastosowań nanotechnologii w motoryzacji. Nanotechnologia obejmuje ogromny obszar tematyczny nauki, stąd aby się w niej swobodnie poruszać należy zaznajomić się bardzo wnikliwie z wieloma multidyscyplinami. Przedstawiono wiele najnowszych rozwiązań z zakresu inżynierii materiałowej.
650 #0 - HASŁO PRZEDMIOTOWE W FORMIE NAZWY OGÓLNEJ LUB JEDNOSTKOWEJ
Nazwa ogólna lub geograficzna Nanotechnologia.
650 #0 - HASŁO PRZEDMIOTOWE W FORMIE NAZWY OGÓLNEJ LUB JEDNOSTKOWEJ
Nazwa ogólna lub geograficzna Motoryzacja.
655 #0 - TERMIN INDEKSOWY - OKREŚLENIE RODZAJU/FORMY DOKUMENTU
Określnie rodzaju/formy dokumentu Materiały konferencyjne.
773 0# - TYTUŁ DOKUMENTU MACIERZYSTEGO
Wyrażenie wprowadzające W :
Tytuł Droga krajowa nr 6 osią integracji Pomorza Środkowego i szansą rozwoju motoryzacji : V Słupskie Forum Motoryzacji, Słupsk 18-19 maja 2002. -
Adres wydawniczy Słupsk : Starostwo Powiatowe w Słupsku, 2002. -
Informacje dotyczące relacji s. 304-316
711 22 - HASŁO DODATKOWE - NAZWA IMPREZY
Nazwa imprezy Słupskie Forum Motoryzacji
Oznaczenie części/sekcji dzieła (5 ;
Data imprezy 2002 ;
Miejsce imprezy Słupsk, Polska).
942 ## - HASŁO DODATKOWE - ELEMENTY(KOHA)
Typ dokumentu Rozdział
Schemat klasyfikacji Uniwersalna klasyfikacja dziesiętna
Egzemplarze
Wycofany Zagubiony Uszkodzony Dostępność Lokalizacja stała Lokalizacja bieżąca Sygnatura Typ dokumentu
      Dostępny Bibliografia Prac Pracowników - BPK Bibliografia Prac Pracowników - BPK 76402 Rozdział
© 2014 Biblioteka Politechniki Koszalińskiej :: BIBLIOGRAFIA PRAC PRACOWNIKÓW